Welcome to CU Library Online Public Access Catalogue (OPAC)

The compleat tween / (Record no. 4686)

MARC details
000 -LEADER
fixed length control field 00762pam a2200241 a 4500
001 - CONTROL NUMBER
control field 3805164
005 - DATE AND TIME OF LATEST TRANSACTION
control field 20250311104937.0
008 - FIXED-LENGTH DATA ELEMENTS--GENERAL INFORMATION
fixed length control field 850617s1985 dcua j 000 0 eng
020 ## - INTERNATIONAL STANDARD BOOK NUMBER
International Standard Book Number 0828002886 (pbk.)
050 00 - LIBRARY OF CONGRESS CALL NUMBER
Classification number HQ35
Item number .V37 1985
082 00 - DEWEY DECIMAL CLASSIFICATION NUMBER
Classification number 613.9/5/088055
Edition information 19
100 1# - MAIN ENTRY--PERSONAL NAME
Personal name Van Pelt, Nancy L.
245 14 - TITLE STATEMENT
Title The compleat tween /
Statement of responsibility, etc. Nancy Van Pelt.
260 ## - PUBLICATION, DISTRIBUTION, ETC.
Place of publication, distribution, etc. Washington, D.C. :
Name of publisher, distributor, etc. Review and Herald Pub. Association,
Date of publication, distribution, etc. c1985.
300 ## - PHYSICAL DESCRIPTION
Extent 94 p. :
Other physical details ill. ;
Dimensions 21 cm.
650 #0 - SUBJECT ADDED ENTRY--TOPICAL TERM
Topical term or geographic name entry element Sex instruction for youth
Form subdivision Juvenile literature.
650 #0 - SUBJECT ADDED ENTRY--TOPICAL TERM
Topical term or geographic name entry element Puberty
Form subdivision Juvenile literature.
650 #0 - SUBJECT ADDED ENTRY--TOPICAL TERM
Topical term or geographic name entry element Sexual health
Form subdivision Juvenile literature.
650 #1 - SUBJECT ADDED ENTRY--TOPICAL TERM
Topical term or geographic name entry element Sex instruction for youth.
650 #1 - SUBJECT ADDED ENTRY--TOPICAL TERM
Topical term or geographic name entry element Conduct of life.
650 #1 - SUBJECT ADDED ENTRY--TOPICAL TERM
Topical term or geographic name entry element Christian life.
942 ## - ADDED ENTRY ELEMENTS (KOHA)
Source of classification or shelving scheme Library of Congress Classification
Koha item type Books
Suppress in OPAC No
999 ## -
-- 4686
-- 4686
Holdings
Withdrawn status Lost status Source of classification or shelving scheme Damaged status Not for loan Collection Home library Current library Shelving location Date acquired Total checkouts Full call number Barcode Date last seen Copy number Price effective from Koha item type
    Library of Congress Classification     Non-fiction Graduate Library (Christ Temple) Graduate Library (Christ Temple) General stacks 03/11/2025   HQ 35.V 37 VAN GSCT00000606 03/11/2025 1 03/11/2025 Books
© 2023-2024 Copyright: Central University Libraries. All Rights Reserved | Created by: Mahone Tech Office